La fortaleza / (Registro nro. 11024)
[ vista simple ]
| 000 -LEADER | |
|---|---|
| fixed length control field | 00714nam a22002537a 4500 |
| 001 - CONTROL NUMBER | |
| control field | 00912 |
| 003 - CONTROL NUMBER IDENTIFIER | |
| control field | DO-SdBNP |
| 005 - DATE AND TIME OF LATEST TRANSACTION | |
| control field | 20180125100122.0 |
| 007 - PHYSICAL DESCRIPTION FIXED FIELD--GENERAL INFORMATION | |
| fixed length control field | 00912 |
| 008 - FIXED-LENGTH DATA ELEMENTS--GENERAL INFORMATION | |
| fixed length control field | 160725b 1993 sp||||| |||| 00| 0 spa d |
| 020 ## - INTERNATIONAL STANDARD BOOK NUMBER | |
| International Standard Book Number | 8448020022 |
| 040 ## - CATALOGING SOURCE | |
| Original cataloging agency | BPMSU |
| Language of cataloging | spa |
| Transcribing agency | BPMSU |
| 092 ## - LOCALLY ASSIGNED DEWEY CALL NUMBER (OCLC) | |
| Classification number | xxxxx |
| Item number | xxxxx |
| 100 1# - MAIN ENTRY--PERSONAL NAME | |
| Personal name | Packard, Edward |
| 245 13 - TITLE STATEMENT | |
| Title | La fortaleza / |
| Statement of responsibility, etc. | Edward Packard ; ilustraciones Dave Cockrum. |
| 260 ## - PUBLICATION, DISTRIBUTION, ETC. (IMPRINT) | |
| Place of publication, distribution, etc. | Barcelona, España : |
| Name of publisher, distributor, etc. | Timun Mas, |
| Date of publication, distribution, etc. | 1993. |
| 300 ## - PHYSICAL DESCRIPTION | |
| Extent | 113 p. : |
| Other physical details | il. ; |
| Dimensions | 18 cm. |
| 490 1# - SERIES STATEMENT | |
| Series statement | Halcones del espacio |
| Volume/sequential designation | 3 |
| 700 12 - ADDED ENTRY--PERSONAL NAME | |
| Personal name | Cockrum, Dave, |
| Relator term | il. |
| 830 #0 - SERIES ADDED ENTRY--UNIFORM TITLE | |
| Uniform title | Halcones del espacio |
| Number of part/section of a work | 3 |
| 942 ## - ADDED ENTRY ELEMENTS (KOHA) | |
| Source of classification or shelving scheme | Dewey Decimal Classification |
| Koha item type | Libros |
| 945 ## - LOCAL PROCESSING INFORMATION (OCLC) | |
| a | Inventariado, 2018 /LP |
| 956 ## - LOCAL ELECTRONIC LOCATION AND ACCESS (OCLC) | |
| Host name | BTAVÁREZ |
| Access number | 10 |
| Compression information | 20162507 |
| Path | 00912 |
| Withdrawn status | Lost status | Source of classification or shelving scheme | Damaged status | Not for loan | Collection code | Home library | Current library | Date acquired | Source of acquisition | Total Checkouts | Barcode | Date last seen | Price effective from | Koha item type |
|---|---|---|---|---|---|---|---|---|---|---|---|---|---|---|
| Dewey Decimal Classification | Colección General | Biblioteca Pública Metropolitana Salomé Ureña | Biblioteca Pública Metropolitana Salomé Ureña | 07/25/2016 | Fundi | BPMSU16070650 | 07/25/2016 | 07/25/2016 | Libros |